| 000 | 00372 a2200169 4500 | ||
|---|---|---|---|
| 001 | 69739 | ||
| 020 | _a9788526267534 | ||
| 040 | _cAnchieta - Itaigara | ||
| 100 | _aGuasco, Luiz | ||
| 240 | 1 | 0 |
_aTeseu e o Minotauro _lpor |
| 245 | 1 | 0 | _aTeseu e o Minotauro |
| 300 | _a40 | ||
| 362 | 0 | _a2007 | |
| 440 | 1 | _aScipione | |
| 650 | 4 | _aLiteratura infanto-juvenil | |
| 942 | _cBK | ||
| 999 |
_c69739 _d69739 |
||